Mining engineers handbook. 2 Vols (Record no. 86766)

MARC details
000 -LEADER
fixed length control field 00424cam a2200193 4500
001 - CONTROL NUMBER
control field D13599
008 - FIXED-LENGTH DATA ELEMENTS--GENERAL INFORMATION
fixed length control field 090401t1941 xxu||||| |||| 00| 0 eng d
035 ## - SYSTEM CONTROL NUMBER
System control number (Sirsi) u10679
041 ## - LANGUAGE CODE
Language code of text/sound track or separate title eng
050 ## - LIBRARY OF CONGRESS CALL NUMBER
Classification number 622.2
100 ## - MAIN ENTRY--PERSONAL NAME
Personal name Peele, R.
245 ## - TITLE STATEMENT
Title Mining engineers handbook. 2 Vols
250 ## - EDITION STATEMENT
Edition statement 3rd
260 ## - PUBLICATION, DISTRIBUTION, ETC.
Name of publisher, distributor, etc. Chapman and Hall
Date of publication, distribution, etc. 1941
350 ## - PRICE (NR) (BK AM CF MU VM SE) [OBSOLETE]
Price 0
520 ## - SUMMARY, ETC.
Summary, etc. Shelf 133
942 ## - ADDED ENTRY ELEMENTS (KOHA)
Suppress in OPAC 0
948 ## - LOCAL PROCESSING INFORMATION (OCLC); SERIES PART DESIGNATOR (RLIN)
c (OCLC) 04/03/1997
Holdings
Withdrawn status Lost status Source of classification or shelving scheme Damaged status Not for loan Home library Current library Shelving location Date acquired Total Checkouts Full call number Barcode Date last seen Copy number Price effective from Koha item type
    Other/Generic Classification Scheme     London London Basement 20/08/1991   SHELF 133 30022274 06/08/2019 1 06/08/2019 Reference material
    Other/Generic Classification Scheme     London London Basement 14/09/1999   SHELF 133 30022284 06/08/2019 2 06/08/2019 Reference material